Latvijskij matematičeskij ježegodnik : 30

Na minha lista:
Detalhes bibliográficos
Formato: Livro
Publicado em: Riga : Zinatne, 1986
Tags: Adicionar Tag
Sem tags, seja o primeiro a adicionar uma tag!

MARC

LEADER 00000nam a22000003a 4500
001 stu19527
005 20141122075850.9
008 ------s1986----xxr---------------------d
040 |a STU  |b slo 
041 0
044 |a xxr 
080 |a 51(058) 
245 |a Latvijskij matematičeskij ježegodnik :  |b 30 
260 |a Riga :  |b Zinatne,  |c 1986 
300 |a 253 s :  |b Lit 
996 |b C77773  |c C*77773  |l CCXX  |s P  |a 0  |w stu19527_0001